14 Mars 2025 | Mode - Statistiques

Statistiques générales
  • Ce quiz a été pris 11 fois
  • Le résultat moyen est 4 sur 15
Statistiques - réponses
Question Réponse % Correct
Qui est le créateur de la petite robe noire célèbre ? Coco Chanel
89%
Quel accessoire est souvent porté au poignet ? Montre
67%
Quel magazine est connu pour sa couverture de mode ? Vogue
67%
Quel tissu est souvent associé aux jeans ? Denim
56%
Quel type de costume est traditionnel en Écosse ? Kilt
56%
Quel accessoire est souvent utilisé pour compléter une tenue ? Ceinture
22%
Quel créateur est connu pour ses sacs à main de luxe ? Louis Vuitton
22%
Quel type de chaussure possède une plateforme haute à l’avant ? Escarpin
11%
Quel style est associé aux sous-cultures gothiques ? Noir et sombre
11%
Quelle tendance de mode consiste à porter des vêtements amples ? Oversized
11%
Quel motif est typique des chemises à carreaux ? Vichy
11%
Que signifie "couture" en mode ? Fabrication sur Mesure
0%
Quel est le terme pour des vêtements portés sur le défilé ? Haute Couture
0%
Quel type de vêtement a été popularisé par le mouvement hippie ? Pantalons larges
0%
Quel type de vêtement est à la fois confortable et décontracté ? Sweat-shirt
0%
Aucun quiz correspondant
Distribution des résultats
% des personnes avec chaque résultat
Percentile par nombre de réponses
Votre historique - résultats
Vous n’avez pas pris ce quiz